FRACTURE CHARACTERISTICS OF BORON LIQUID PHASE SINTERED Fe-1.5Mo STEEL

Podrobná bibliografia
Hlavní autori: Selecká, M. (Autor), Dudrová, Eva, 1941- (Autor), Rosenberg, G. (Autor)
Médium: Článok
Jazyk:angličtina
ISBN:8088780101

MARC

LEADER 00000naa a2200000uu 4500
001 vtls011085096
003 SK-MaSNL
005 20260302141058.0
008 210905|1996 xo |||||||||||||||||eng|
015 |a SNBRA 
035 |a (urnnbn)urn:nbn:sk:snk:ar-a0clqs 
035 |a (uuid)ce15c737-6b08-4e41-9875-2aa8f24ed1c2 
035 |a urn:nbn:sk:snk-aavrmq 
040 |a SNKBUCL  |b slo  |c SNKBUCL  |e AACR2 
041 0 |a eng 
044 |a xo  |c SK 
100 1 |a Selecká, M.  |4 aut  |9 155323 
245 1 0 |a FRACTURE CHARACTERISTICS OF BORON LIQUID PHASE SINTERED Fe-1.5Mo STEEL  |c M. Selecká, E. Dudrová, G. Rosenberg 
246 3 |a Charakteristiky lomu Fe-1.5Mo ocele spekanej s kvapalnou fázou bóru 
700 1 |a Dudrová, Eva,  |d 1941-  |4 aut  |9 236741 
700 1 |a Rosenberg, G.  |4 aut  |9 783305 
773 0 |t Deformation and fracture in structural PM materials  |d Bratislava : Polygrafia SAV], 1996, 1996  |g S. 283-287  |z 8088780101 
958 |a OND 
958 |a article12 
958 |a chapter 
999 |c 1334121  |d 1336051